Joueurs CS ayant joué pour la Team Vitality - Statistiques

Statistiques générales
  • Ce quiz a été pris 129 fois
  • Le résultat moyen est 13 sur 16
Statistiques - réponses
Joueurs % Correct
ZywOo
100%
apEX
99%
flameZ
96%
ropz
95%
Spinx
94%
Magisk
92%
mezii
90%
Dupreeh
89%
shox
86%
RpK
82%
misutaaa
76%
NBK
76%
Happy
67%
Alex
66%
Kyojin
63%
Nivera
54%
Aucun quiz correspondant
Distribution des résultats
% des personnes avec chaque résultat
Percentile par nombre de réponses
Votre historique - résultats
Vous n’avez pas pris ce quiz